000 00502nam a2200169Ia 4500
008 090122s9999 xx 000 0 und d
082 _b2444
_a808.899282
100 _aजोशी
_bश्री
_cकृ
245 _aआदर्श चित्रकला
260 _bगो य राणे
300 _a144
600 _aजोशी
630 _aआदर्श चित्रकला
700 _aजोशी
730 _aआदर्श चित्रकला
942 _cBOOK
999 _c26522
_d26522